| 000 | 00381nam a22001337a 4500 | ||
|---|---|---|---|
| 003 | NUST | ||
| 020 | _a9781405095471 | ||
| 082 |
_a616.1 _bAGA |
||
| 100 |
_aAgatston, Arthur _9112032 |
||
| 245 |
_aThe South Beach Heart Programme: _ba 4-step plan that can save your life\ _cDr Arthur Agatston |
||
| 260 |
_aLondon; _bRodale, _c2007. |
||
| 300 |
_a276p. ; _bPaperback |
||
| 942 |
_2ddc _cBK |
||
| 999 |
_c594609 _d594609 |
||